000 00272nam a2200109Ia 4500
008 190914s9999||||xx |||||||||||||| ||und||
100 _aPapamichael N
245 0 _aComputational Methods and Function Theory
260 _aIndia
_bAddision
_c1991
300 _a292
942 _cBK
999 _c8625
_d8625